Where did each driver finish in the 2025 F1 championship - Statistics

General Stats
  • This quiz has been taken 17 times
  • The average score is 9 of 21
Answer Stats
Hint Answer % Correct
Lando Norris 1
100%
Oscar Piastri 3
100%
Max Verstappen 2
83%
Jack Doohan 21
83%
Franco Colapinto 20
67%
Charles Leclerc 5
67%
George Russell 4
50%
Lewis Hamilton 6
50%
Kimi Antonelli 7
50%
Isack Hadjar 12
33%
Ollie Bearman 13
33%
Lance Stroll 16
33%
Gabriel Bortoleto 19
33%
Alex Albon 8
33%
Fernando Alonso 10
17%
Nico Hulkenberg 11
17%
Liam Lawson 14
17%
Esteban Ocon 15
17%
Yuki Tsunoda 17
17%
Pierre Gasly 18
17%
Carlos Sainz 9
17%
No matching quizzes found
Score Distribution
Percent of People with Each Score
Percentile by Number Answered
Your Score History
You have not taken this quiz